Online
Catalog

¿Qué es el dinero? / (Record no. 25739)

MARC details
000 -CABECERA
campo de control de longitud fija 00820nam a2200217 a 4500
001 - NÚMERO DE CONTROL
campo de control 000026247
005 - FECHA Y HORA DE LA ÚLTIMA TRANSACCIÓN
campo de control 20240508123313.0
008 - DATOS DE LONGITUD FIJA--INFORMACIÓN GENERAL
campo de control de longitud fija 110307s2007 dr a r 000 0 spa d
020 ## - NÚMERO INTERNACIONAL ESTÁNDAR DEL LIBRO
Número Internacional Estándar del Libro 9789945443127
040 ## - FUENTE DE LA CATALOGACIÓN
Centro catalogador/agencia de origen DO-SdBNP
Lengua de catalogación spa
Centro/agencia transcriptor BNPHU
082 ## - NÚMERO DE LA CLASIFICACIÓN DECIMAL DEWEY
Número de clasificación 332.4
Número de documento/Ítem Q452h
100 1# - ENTRADA PRINCIPAL--NOMBRE DE PERSONA
Nombre de persona Almonte Diloné, Henry,
9 (RLIN) 1585
245 10 - MENCIÓN DE TÍTULO
Título ¿Qué es el dinero? /
Mención de responsabilidad, etc. Henry Almonte Diloné.
260 ## - PUBLICACIÓN, DISTRIBUCIÓN, ETC.
Lugar de publicación, distribución, etc. Santo Domingo :
Nombre del editor, distribuidor, etc. Banco Central de la República Dominicana,
Fecha de publicación, distribución, etc. 2007.
300 ## - DESCRIPCIÓN FÍSICA
Extensión 63 p. :
Otras características físicas il. ;
Dimensiones 22 cm.
490 1# - MENCIÓN DE SERIE
Mención de serie Banco Central de la República Dominicana
Designación de volumen o secuencia 94
490 1# - MENCIÓN DE SERIE
Mención de serie Serie Educativa Banco Central de la República Dominicana
Designación de volumen o secuencia 2
650 #0 - PUNTO DE ACCESO ADICIONAL DE MATERIA--TÉRMINO DE MATERIA
Término de materia o nombre geográfico como elemento de entrada Moneda
9 (RLIN) 3308
650 #4 - PUNTO DE ACCESO ADICIONAL DE MATERIA--TÉRMINO DE MATERIA
Término de materia o nombre geográfico como elemento de entrada Poder de compra
9 (RLIN) 53275
830 #0 - PUNTO DE ACCESO ADICIONAL DE SERIE-TÍTULO UNIFORME
Título uniforme Banco Central de la República Dominicana
Número de parte o sección de la obra 94
Nombre de parte o sección de la obra Educativa Banco Central de la República Dominiccana
Número de parte o sección de la obra 2
9 (RLIN) 53276
Holdings
Estado de retiro Estado de pérdida Restricciones de uso No para préstamo Código de colección Localización permanente Ubicación/localización actual Ubicación en estantería Fecha de adquisición Número de inventario Total de préstamos Signatura topográfica completa Código de barras Fecha visto por última vez Número de copia Precio válido a partir de Tipo de ítem Koha
        Dominicana de Servicio General General Depósito 02.03.2017 LF1   332.4 Q452h 26247-30 25.06.2020 e. 3 25.06.2020 Libro y Folleto Colección Dominicana de Servicio
      Excluido de préstamo Patrimonio Dominicano Patrimonio Dominicano Patrimonio Dominicano Depósito 07.03.2011 LF1   332.4 Q452h 26247-10 25.06.2020   25.06.2020 Libro y Folleto Colección Patrimonio Dominicano
      Excluido de préstamo Patrimonio Dominicano Patrimonio Dominicano Patrimonio Dominicano Depósito 07.03.2011 LF1   332.4 Q452h 26247-20 25.06.2020 e. 2 25.06.2020 Libro y Folleto Colección Patrimonio Dominicano

Powered by Koha